Propuesta de desarrollo, asunto de mujeres; integración centroamericana /

En las propuestas de desarrollo centradas en la integración centroamericana, se caracterizan por las exclusiones de parte importante de la población. Se estima que las mujeres quienes componen el 50 por ciento de la población no son tomadas en consideración. El Sistema de Integración Centroamericano...

Celý popis

Uloženo v:
Podrobná bibliografie
Hlavní autor: Campbell, Epsy
Médium: Text
Témata:
Tagy: Přidat tag
Žádné tagy, Buďte první, kdo vytvoří štítek k tomuto záznamu!

MARC

LEADER 00000 a a2200000 04500
001 8495
003
040
100 |a Campbell, Epsy  
245 |a Propuesta de desarrollo, asunto de mujeres; integración centroamericana /  |c Epsy Campbell 
520 |a En las propuestas de desarrollo centradas en la integración centroamericana, se caracterizan por las exclusiones de parte importante de la población. Se estima que las mujeres quienes componen el 50 por ciento de la población no son tomadas en consideración. El Sistema de Integración Centroamericano (SICA), no ha comprendido en toda su dimensión el sesgo de género que tiene la historia y el desarrollo centroamericano. Se indica que a pesar de las buenas intenciones de algunos líderes sectoriales de la sociedad civil centroamericana, la realidad evidencia una casi nula participación de las mujeres en las coordinaciones de las acciones civiles y en el comité consultivo. Las mujeres no han tenido la posibilidad de participar ni en espacios oficiales, ni civiles y son pocas las excepciones a esta regla que confirma la situación de discriminación existente. Es necesario garantizar que el SICA se fortalecerá incorporando una perspectiva de género y se constituirá con ello en un instrumento para el desarrollo humano sostenible, esta es la tarea de la sociedad civil y los gobiernos centroamericanos. LOB/LOB  
650 |a INTEGRACION REGIONAL  
650 |a DISCRIMINACION BASADA EN EL SEXO  
650 |a SICA  
650 |a PARTICIPACION DE LA MUJER  
650 |a ROL DE LA MUJER  
650 |a DERECHOS DE LA MUJER  
650 |a ORGANIZACIONES FEMENINAS  
650 |a STATUS DE LA MUJER  
773 |g número 44; páginas 36-37  
999 |c 36842  |d 36842